BASIC BIOTECHNOLOGY (Registro nro. 53293)
[ vista simple ]
| 000 -LEADER | |
|---|---|
| fixed length control field | 00836nam a2200181 a 4500 |
| 001 - CONTROL NUMBER | |
| control field | 53293 |
| 005 - DATE AND TIME OF LATEST TRANSACTION | |
| control field | 20180714043506.0 |
| 008 - FIXED-LENGTH DATA ELEMENTS--GENERAL INFORMATION | |
| fixed length control field | 140415d 000 0 eng d |
| 020 ## - INTERNATIONAL STANDARD BOOK NUMBER | |
| International Standard Book Number | 9780521549585 |
| 041 ## - LANGUAGE CODE | |
| Language code of text/sound track or separate title | eng |
| 082 ## - DEWEY DECIMAL CLASSIFICATION NUMBER | |
| Classification number | 660.6 |
| Item number | BAS |
| 245 00 - TITLE STATEMENT | |
| Title | BASIC BIOTECHNOLOGY |
| 250 ## - EDITION STATEMENT | |
| Edition statement | 1a ed. |
| 260 ## - PUBLICATION, DISTRIBUTION, ETC. | |
| Place of publication, distribution, etc. | [s.l.] : |
| Name of publisher, distributor, etc. | CAMBRIDGE UNIVERSITY, |
| Date of publication, distribution, etc. | [s.f.] |
| 300 ## - PHYSICAL DESCRIPTION | |
| Extent | 413 |
| Dimensions | 18.9 x 3.3 x 24.6 |
| 520 ## - SUMMARY, ETC. | |
| Summary, etc. | THIS BOOK IS THE RECOMBINANT DNA TECNICHES, CLONING AND THE APPLICATIONS OF A WIDE RANGE OF GOODS FROMS BREAD TO ANTIBIOTICS. IT CONTINUES TO REVOLUTIONISE TRATMENTS OF MANY DISEASES. ITS A COMBINES BIOLOGY AND BIOPROCESSING TOPICS TO PROVIDE A COMPLETE OVERVIEW OF BOITECHNOLOGY. IT EXPLAINS THE FUNDAMENTAL PRINCIPLES THAT UNDERPIN ALL BIOTECHNOLOGY AND A FULL RANGE OF EXAMPLES. |
| 650 14 - SUBJECT ADDED ENTRY--TOPICAL TERM | |
| Topical term or geographic name entry element | BIOTECNOLOGIA |
| Withdrawn status | Lost status | Source of classification or shelving scheme | Damaged status | Not for loan | Collection code | Home library | Current library | Shelving location | Date acquired | Source of acquisition | Inventory number | Total Checkouts | Full call number | Barcode | Date last seen | Price effective from | Koha item type |
|---|---|---|---|---|---|---|---|---|---|---|---|---|---|---|---|---|---|
| Dewey Decimal Classification | General | Biblioteca Karol Wojtyla | Biblioteca Karol Wojtyla | Sala general | 03/12/2013 | Compra | 151000000000000000030793 | 660.6 BAS 2007 | 79346 | 05/01/2026 | 13/01/2015 | Reserva permanente |